1474 1813 1372 1769 1033 1377 1900 1397 1319 1565 1618 1218 1078 1603 1472 1919 1940 1884 1450 1876 1355 1070 1006 1049 1027 1324 1367 1966 1809 1896 1014 1226 1545 1265 1761 1478 1393 1370 1016 1727 1034 1689 1595 1848 1223 1683 1558 1192 1017 1097 1598 1894 1124 1391 1683 1185 1169 1118 1530 1167 1710 1991 1759 1370 1640 1554 1044 1228 1712 1310 1738 1111 1371 1672 1196 1653 1689 1173 1827 1223 1011 1704 1225 1224 1552 1331 1029 1198 1673 1301 1710 1774 1598 1846 1490 1892 1847 1557 1527 BCNSPRNW ULIB Ver.6.0+V

เปลี่ยนเป็นภาษาไทย

Change to English
 แสดงรายละเอียดบรรณานุกรม
  กลับหน้าหลัก

Brief Record : Get Marc (ISO 2709) : E-mail record : QR code < ปิดหน้าต่าง
LEADER : 00000nam 2200000uu 4500
001    13399122642
003     ULIB
008    020711s2550 th a 000 0 tha d
020    9789748458090
099    นว.พ945พ2550
100    เพียงรุ้ง
245    เพลงแห่งจันทร์ู^cเพียงรุ้ง
260    กรุงเทพฯ :^b1168,^c2550
300    240 หน้า
945    ^p169^l0^i021038
999    ^aเกษร โพธิ์สุวรรณ
รายการนี้ยังไม่มีแท็ก
คุณยังไม่ได้ล็อกอิน คุณสามารถมีกิจกรรมร่วมกับเว็บไซต์ได้ แต่ต้องล็อกอินก่อน ::
  ล็อกอิน

รายการสื่อสารสนเทศ

ลำดับที่ ประเภท เลขเรียก/บาร์โค้ด สถานที่ สถานะ
1. นวนิยาย
นวนิยาย
นว.พ945พ2550 ฉ.1 
  Barcode: 021038
ห้องสมุดวิทยาเขตสวรรค์ประชารักษ์
►นวนิยาย
บนชั้น
  ขอยืม

BibComment


ยังไม่เคยถูกคอมเมนท์

คอมเมนท์ทรัพยากรรายการนี้
  คอมเมนท์: เพลงแห่งจันทร์ู เ..


 Copyright 2026. Bcnsprnw @Library